<?xml version="1.0" encoding="UTF-8"?>
<collection xmlns="http://www.loc.gov/MARC21/slim">
<record>
  <controlfield tag="001">156457</controlfield>
  <controlfield tag="005">20250516093846.0</controlfield>
  <datafield tag="037" ind1=" " ind2=" ">
    <subfield code="a">TAZ-TFG-2016-3700</subfield>
  </datafield>
  <datafield tag="041" ind1=" " ind2=" ">
    <subfield code="a">spa</subfield>
  </datafield>
  <datafield tag="100" ind1="1" ind2=" ">
    <subfield code="a">Porta, Sañudo, Marta</subfield>
  </datafield>
  <datafield tag="242" ind1="0" ind2="0">
    <subfield code="a">Frontotemporal Dementia review:Clinical case</subfield>
  </datafield>
  <datafield tag="245" ind1="0" ind2="0">
    <subfield code="a">Revisión de la Demencia Frontotemporal:Caso clínico</subfield>
  </datafield>
  <datafield tag="260" ind1=" " ind2=" ">
    <subfield code="a">Zaragoza</subfield>
    <subfield code="b">Universidad de Zaragoza</subfield>
    <subfield code="c">2016</subfield>
  </datafield>
  <datafield tag="506" ind1=" " ind2=" ">
    <subfield code="a">by-nc-sa</subfield>
    <subfield code="b">Creative Commons</subfield>
    <subfield code="c">3.0</subfield>
    <subfield code="u">http://creativecommons.org/licenses/by-nc-sa/3.0/</subfield>
  </datafield>
  <datafield tag="520" ind1=" " ind2=" ">
    <subfield code="a">En la actualidad, las demencias constituyen uno de los problemas socio-sanitarios más importantes en nuestra sociedad. No existe ningún tratamiento efectivo hasta el momento. Al tratarse de una enfermedad neurodegenerativa que afecta a la población anciana, implica gran sufrimiento para el paciente y para su entorno más cercano. En este trabajo se realiza una revisión bibliográfica sobre las características y el diagnóstico diferencial de la demencia frontotemporal (DFT) y otros trastornos psiquiátricos, y la posterior presentación y discusión de un caso clínico. La característica definitoria de la DFT es la aparición precoz de trastornos de conducta en ausencia de alteraciones cognitivas. La principal diferencia entre la DFT y la DTA es la afectación que padecen los pacientes con DFT en las funciones ejecutivas sin alteraciones en la memoria. Tras la evaluación de la paciente y posterior contrastación con la información recabada se sospecha que puede padecer demencia frontotemporal. La complejidad diagnóstica puede deberse a la similitud de síntomas con otros trastornos y a la temprana edad de aparición de la DFT,-entre otros-, confundiéndose frecuentemente con otros trastornos psiquiátricos. Es importante realizar un buen diagnóstico diferencial por las implicaciones sociales, familiares y económicas que conlleva. También resulta relevante respecto al tratamiento de los síntomas psicológicos y conductuales ya que parece que estos pacientes pueden beneficiarse de un tratamiento específico.&lt;br /></subfield>
  </datafield>
  <datafield tag="521" ind1=" " ind2=" ">
    <subfield code="a">Graduado en Psicología</subfield>
  </datafield>
  <datafield tag="540" ind1=" " ind2=" ">
    <subfield code="a">Derechos regulados por licencia Creative Commons</subfield>
  </datafield>
  <datafield tag="700" ind1=" " ind2=" ">
    <subfield code="a">López Antón, Raúl</subfield>
    <subfield code="e">dir.</subfield>
  </datafield>
  <datafield tag="710" ind1="2" ind2=" ">
    <subfield code="a">Universidad de Zaragoza</subfield>
    <subfield code="b">Psicología y Sociología</subfield>
    <subfield code="c">Psicología Básica</subfield>
  </datafield>
  <datafield tag="856" ind1="0" ind2=" ">
    <subfield code="f">557896@celes.unizar.es</subfield>
  </datafield>
  <datafield tag="856" ind1="4" ind2=" ">
    <subfield code="s">678012</subfield>
    <subfield code="u">http://zaguan.unizar.es/record/156457/files/TAZ-TFG-2016-3700.pdf</subfield>
    <subfield code="y">Memoria (spa)</subfield>
  </datafield>
  <datafield tag="909" ind1="C" ind2="O">
    <subfield code="o">oai:zaguan.unizar.es:156457</subfield>
    <subfield code="p">driver</subfield>
    <subfield code="p">trabajos-fin-grado</subfield>
  </datafield>
  <datafield tag="950" ind1=" " ind2=" ">
    <subfield code="a"></subfield>
  </datafield>
  <datafield tag="980" ind1=" " ind2=" ">
    <subfield code="a">TAZ</subfield>
    <subfield code="b">TFG</subfield>
    <subfield code="c">FCSH</subfield>
  </datafield>
  <datafield tag="951" ind1=" " ind2=" ">
    <subfield code="a">deposita:2025-05-16</subfield>
  </datafield>
</record>
</collection>